000 00458nam a2200181Ia 4500
003 GCL
008 140319s9999 xx 000 0 eng d
040 _aGCL /
_cGCL
082 0 4 _a391.44
_bB B
100 1 _aBENJAMIN, HARRY
245 1 0 _aBETTER SIGHT WITHOUT GLASSES /
_cBENJAMIN, HARRY
260 _a[S.N] :
_bWILCO PUBLISHING HOUSE ،
_c1990
300 _a104 P
650 0 4 _aEYE DISEASES
650 0 4 _aEYE
650 0 4 _aEYEGALSSES
942 _2ddc
_cBK
999 _c12043
_d12043